| 000 | 00724nam a2200241 a 4500 | ||
|---|---|---|---|
| 001 | 1491201 | ||
| 003 | OSt | ||
| 005 | 20230704082116.0 | ||
| 008 | 890324s1986 ke b 000 0 eng | ||
| 010 | _a 87980844 | ||
| 040 |
_aDLC _cDLC _dDLC |
||
| 043 | _af------ | ||
| 082 | 0 | 0 |
_a338.96 _bNDE |
| 100 | 1 | _aNdegwa, Philip. | |
| 245 | 1 | 4 |
_aThe African challenge : _bin search of appropriate development strategies / _cPhilip Ndegwa. |
| 260 |
_aNairobi : _bHeinemann Kenya, _c1986. |
||
| 300 |
_ax, 182 p. ; _c21 cm. |
||
| 504 | _aBibliography: p. 181-182. | ||
| 651 | 0 |
_aAfrica _xEconomic policy. |
|
| 651 | 0 |
_aAfrica _xForeign economic relations. |
|
| 906 |
_a7 _bcbc _corignew _d3 _encip _f19 _gy-gencatlg |
||
| 942 |
_2ddc _cBK |
||
| 999 |
_c3548 _d3548 |
||